|
|
|
|
| LEADER |
00000ny a22000003n 4500 |
| 005 |
2011052308298.0 |
| 008 |
100324s2009 po 000 0 por d |
| 020 |
|
|
|a 9789727491995
|
| 035 |
|
|
|a 4836
|
| 040 |
|
|
|a BUS
|d vLex
|
| 090 |
|
|
|c 138
|d 138
|
| 100 |
1 |
|
|a Leitó, Helder Martins
|
| 245 |
1 |
2 |
|a O Processo de Impugnaȯ́ Tributr̀ia
|h [Recurso electrn̤ico]
|c Helder Martins Leitó
|
| 256 |
|
|
|a Servicio en ln̕ea
|
| 260 |
|
|
|a Portugal :
|b Almeida & Leitó,
|c 2009
|
| 506 |
1 |
|
|a Contenido solo disponible en los productos indicados
|d vLex Global
|d vLex Global (Academic Edition, excluding Law Schools)
|d vLex Global (U.S. Academic Edition, Law Schools)
|d vLex Global (U.S. Academic Edition, excluding Law Schools)
|d vLex Global (Academic Edition, Law Schools)
|
| 650 |
0 |
4 |
|a Medios de impugnacin̤
|z Portugal
|
| 650 |
0 |
4 |
|a Recursos (Derecho)
|z Portugal
|
| 740 |
0 |
|
|a vLex Libros (Servicios en ln̕ea)
|
| 856 |
4 |
0 |
|u http://vlex.com/source/4836
|z Acceso restringido
|
| 942 |
|
|
|c BOOK
|
| 999 |
0 |
4 |
|a Remedies (Law)
|b Portugal
|
| 999 |
0 |
4 |
|a Recursos (Derecho)
|
| 999 |
0 |
4 |
|a Libros electrn̤icos
|